Estructura económica capitalista internacional : (Registro nro. 6716)

Detalles MARC
000 -LEADER
fixed length control field 01184nam a2200277Ia 4500
003 - CONTROL NUMBER IDENTIFIER
control field OSt
005 - DATE AND TIME OF LATEST TRANSACTION
control field 20200624164131.0
008 - FIXED-LENGTH DATA ELEMENTS--GENERAL INFORMATION
fixed length control field 191128s1990 mx gr 000 0 spa d
020 ## - INTERNATIONAL STANDARD BOOK NUMBER
International Standard Book Number 8476007019
040 ## - CATALOGING SOURCE
Original cataloging agency CO-JMCR
Transcribing agency CO-JMCR
041 0# - LANGUAGE CODE
Language code of text/sound track or separate title spa
082 04 - DEWEY DECIMAL CLASSIFICATION NUMBER
Classification number 330.122 /
Item number P155e
Edition number 23
100 1# - MAIN ENTRY--PERSONAL NAME
Personal name Palazuelos, Enrique,
Relator term coordinador
9 (RLIN) 5313
245 10 - TITLE STATEMENT
Title Estructura económica capitalista internacional :
Remainder of title el modelo de acumulación de posguerra /
Statement of responsibility, etc. Enrique Palazuelos y Francisco Alburqueque, Manuel, Palazuelos, (coordinadores) ; Pedro Talavera, Fernando Luengo, [y otros]
260 ## - PUBLICATION, DISTRIBUTION, ETC.
Place of publication, distribution, etc. Madrid :
Name of publisher, distributor, etc. Ediciones Akal,
Date of publication, distribution, etc. 1990.
300 ## - PHYSICAL DESCRIPTION
Extent 351 páginas ;
Dimensions 22 cm.
490 0# - SERIES STATEMENT
Series statement Akal universitaria. Economía ;
Volume/sequential designation 148
505 0# - FORMATTED CONTENTS NOTE
Formatted contents note Las economías desarrolladas -- El escenario internacional -- Las economías subdesarrolladas del capitalismo periférico
650 14 - SUBJECT ADDED ENTRY--TOPICAL TERM
Topical term or geographic name entry element Economía internacional
9 (RLIN) 2221
650 24 - SUBJECT ADDED ENTRY--TOPICAL TERM
Topical term or geographic name entry element Competencia internacional
General subdivision Capitalismo
9 (RLIN) 5314
700 1# - ADDED ENTRY--PERSONAL NAME
Personal name Alburqueque, Francisco,
Relator term coordinador
9 (RLIN) 5315
700 1# - ADDED ENTRY--PERSONAL NAME
Personal name Talavera, Pedro,
Relator term autor
9 (RLIN) 5316
700 1# - ADDED ENTRY--PERSONAL NAME
Personal name Luengo, Fernando,
Relator term autor
9 (RLIN) 5317
700 1# - ADDED ENTRY--PERSONAL NAME
Personal name Palazuelos, Manuel,
Relator term autor
9 (RLIN) 5318
942 ## - ADDED ENTRY ELEMENTS (KOHA)
Source of classification or shelving scheme Dewey Decimal Classification
Koha item type Books
Existencias
Withdrawn status Lost status Source of classification or shelving scheme Damaged status Not for loan Home library Current library Shelving location Date acquired Source of acquisition Cost, normal purchase price Total Checkouts Full call number Barcode Date last seen Copy number Price effective from Koha item type
    Dewey Decimal Classification     Biblioteca Pública José María del Castillo y Rada Biblioteca Pública José María del Castillo y Rada General Stacks 04/15/2018 Donación 0.00   330.122 / P155e 430000736 05/16/2024 Ej.1 06/09/2020 Books
    Dewey Decimal Classification     Biblioteca Pública José María del Castillo y Rada Biblioteca Pública José María del Castillo y Rada General Stacks 04/15/2018 Donación 0.00   330.122 / P155e 430000735 05/16/2024 Ej.2   Books